Emma (Record no. 286601)
[ view plain ]
| 000 -LEADER | |
|---|---|
| fixed length control field | 04210cgm a2200853Ma 4500 |
| 001 - CONTROL NUMBER | |
| control field | ocn864550032 |
| 003 - CONTROL NUMBER IDENTIFIER | |
| control field | OCoLC |
| 005 - DATE AND TIME OF LATEST TRANSACTION | |
| control field | 20200320193754.0 |
| 007 - PHYSICAL DESCRIPTION FIXED FIELD--GENERAL INFORMATION | |
| fixed length control field | vd cvaizs |
| 008 - FIXED-LENGTH DATA ELEMENTS--GENERAL INFORMATION | |
| fixed length control field | 091125p20102009xx 229 vleng d |
| 019 ## - | |
| -- | 535721795 |
| 020 ## - INTERNATIONAL STANDARD BOOK NUMBER | |
| International Standard Book Number | 9781419888908 |
| 020 ## - INTERNATIONAL STANDARD BOOK NUMBER | |
| International Standard Book Number | 1419888900 |
| 020 ## - INTERNATIONAL STANDARD BOOK NUMBER | |
| Terms of availability | 15.95 |
| 024 1# - OTHER STANDARD IDENTIFIER | |
| Standard number or code | 883929096596 |
| Terms of availability | (DVD) |
| 028 42 - PUBLISHER NUMBER | |
| Publisher number | 3000027921 |
| Source | British Broadcasting Corporation |
| 035 ## - SYSTEM CONTROL NUMBER | |
| System control number | (OCoLC)864550032 |
| Canceled/invalid control number | (OCoLC)535721795 |
| 040 ## - CATALOGING SOURCE | |
| Original cataloging agency | CNPAR |
| Language of cataloging | eng |
| Transcribing agency | CNPAR |
| Modifying agency | OCLCO |
| -- | OCLCF |
| -- | OCLCO |
| -- | TOH |
| -- | WACOL |
| 043 ## - GEOGRAPHIC AREA CODE | |
| Geographic area code | e-uk-en |
| 049 ## - LOCAL HOLDINGS (OCLC) | |
| Holding library | WACL |
| 050 #4 - LIBRARY OF CONGRESS CALL NUMBER | |
| Classification number | PN1992.77 |
| Item number | .E463 2010 |
| 082 04 - DEWEY DECIMAL CLASSIFICATION NUMBER | |
| Classification number | 791.45/75 |
| Edition number | 22 |
| 092 ## - LOCALLY ASSIGNED DEWEY CALL NUMBER (OCLC) | |
| Classification number | DVD |
| Item number | Emm |
| 245 00 - TITLE STATEMENT | |
| Title | Emma |
| Medium | [videorecording (DVD)] / |
| Statement of responsibility, etc | produced by George Ormond ; screenplay by Sandy Welch ; directed by Jim O'Hanlon ; a BBC Drama/WGBH co-production. |
| 250 ## - EDITION STATEMENT | |
| Edition statement | Widescreen. |
| 260 ## - PUBLICATION, DISTRIBUTION, ETC. (IMPRINT) | |
| Place of publication, distribution, etc | [S.l.] : |
| Name of publisher, distributor, etc | BBC Worldwide Americas ; |
| Place of publication, distribution, etc | Burbank, Calif. : |
| Name of publisher, distributor, etc | Distributed by Warner Home Video, |
| Date of publication, distribution, etc | c2010. |
| 300 ## - PHYSICAL DESCRIPTION | |
| Extent | 2 videodiscs (ca. 229 min.) : |
| Other physical details | sd., col. ; |
| Dimensions | 4 3/4 in. |
| 500 ## - GENERAL NOTE | |
| General note | Originally produced as a mini-series for Masterpiece classic in 2009. |
| 500 ## - GENERAL NOTE | |
| General note | Contains all 4 episodes of the series. |
| 500 ## - GENERAL NOTE | |
| General note | Based on the novel by Jane Austen. |
| 500 ## - GENERAL NOTE | |
| General note | "2 entertain." |
| 500 ## - GENERAL NOTE | |
| General note | Special features include: locations, costumes, music, interview with Michael Gambon. |
| 508 ## - CREATION/PRODUCTION CREDITS NOTE | |
| Creation/production credits note | Cinematography, Adam Suschitzky ; editor, Mark Thorton ; music, Samuel Sim. |
| 511 1# - PARTICIPANT OR PERFORMER NOTE | |
| Participant or performer note | Jonny Lee Miller, Michael Gambon, Romola Garai, Tamsin Greig. |
| 520 ## - SUMMARY, ETC. | |
| Summary, etc | Twenty-one-year-old Emma Woodhouse loves playing matchmaker. When pretty and socially inferior Harriet arrives, Emma decides to indulge her passion. Against the advice of family friend and surrogate older brother Mr. Knightly, Emma persuades Harriet to reject a marriage proposal from a local farmer in order to hold out for an offer from the dashing Mr. Elton. But Emma soon discovers Mr. Elton's true motives and her advice to Harriet goes terribly awry. |
| 521 ## - TARGET AUDIENCE NOTE | |
| Target audience note | Not rated. |
| 538 ## - SYSTEM DETAILS NOTE | |
| System details note | DVD, region 1, NTSC, 16:9 enhanced; Dolby Digital 5.1 surround. |
| 546 ## - LANGUAGE NOTE | |
| Language note | English language track; optional subtitles in English; subtitles for the deaf and hard of hearing (SDH). |
| 600 10 - SUBJECT ADDED ENTRY--PERSONAL NAME | |
| Personal name | Austen, Jane, |
| Dates associated with a name | 1775-1817 |
| Form subdivision | Film adaptations. |
| 9 (RLIN) | 5747326 |
| 650 #0 - SUBJECT ADDED ENTRY--TOPICAL TERM | |
| Topical term or geographic name as entry element | Young women |
| Form subdivision | Drama. |
| 9 (RLIN) | 5712504 |
| 650 #0 - SUBJECT ADDED ENTRY--TOPICAL TERM | |
| Topical term or geographic name as entry element | Female friendship |
| Form subdivision | Drama. |
| 9 (RLIN) | 5719300 |
| 650 #0 - SUBJECT ADDED ENTRY--TOPICAL TERM | |
| Topical term or geographic name as entry element | Fathers and daughters |
| Form subdivision | Drama. |
| 9 (RLIN) | 5690624 |
| 651 #0 - SUBJECT ADDED ENTRY--GEOGRAPHIC NAME | |
| Geographic name | England |
| Form subdivision | Drama. |
| 9 (RLIN) | 5700793 |
| 650 #0 - SUBJECT ADDED ENTRY--TOPICAL TERM | |
| Topical term or geographic name as entry element | Television mini-series |
| Geographic subdivision | Great Britain. |
| 9 (RLIN) | 5898217 |
| 600 17 - SUBJECT ADDED ENTRY--PERSONAL NAME | |
| Personal name | Austen, Jane, |
| Dates associated with a name | 1775-1817. |
| Source of heading or term | fast |
| -- | (OCoLC)fst00032929 |
| 9 (RLIN) | 5898218 |
| 650 #7 - SUBJECT ADDED ENTRY--TOPICAL TERM | |
| Topical term or geographic name as entry element | Fathers and daughters. |
| Source of heading or term | fast |
| -- | (OCoLC)fst00921890 |
| 9 (RLIN) | 5898219 |
| 650 #7 - SUBJECT ADDED ENTRY--TOPICAL TERM | |
| Topical term or geographic name as entry element | Female friendship. |
| Source of heading or term | fast |
| -- | (OCoLC)fst00922609 |
| 9 (RLIN) | 5898220 |
| 650 #7 - SUBJECT ADDED ENTRY--TOPICAL TERM | |
| Topical term or geographic name as entry element | Television mini-series. |
| Source of heading or term | fast |
| -- | (OCoLC)fst01146956 |
| 9 (RLIN) | 5898221 |
| 650 #7 - SUBJECT ADDED ENTRY--TOPICAL TERM | |
| Topical term or geographic name as entry element | Young women. |
| Source of heading or term | fast |
| -- | (OCoLC)fst01183301 |
| 9 (RLIN) | 5898222 |
| 651 #7 - SUBJECT ADDED ENTRY--GEOGRAPHIC NAME | |
| Geographic name | England. |
| Source of heading or term | fast |
| -- | (OCoLC)fst01219920 |
| 9 (RLIN) | 5898223 |
| 651 #7 - SUBJECT ADDED ENTRY--GEOGRAPHIC NAME | |
| Geographic name | Great Britain. |
| Source of heading or term | fast |
| -- | (OCoLC)fst01204623 |
| 9 (RLIN) | 5898224 |
| 655 #7 - INDEX TERM--GENRE/FORM | |
| Genre/form data or focus term | Drama. |
| Source of term | fast |
| -- | (OCoLC)fst01423879 |
| 9 (RLIN) | 5673873 |
| 655 #7 - INDEX TERM--GENRE/FORM | |
| Genre/form data or focus term | Film adaptations. |
| Source of term | fast |
| -- | (OCoLC)fst01710491 |
| 9 (RLIN) | 5898225 |
| 700 1# - ADDED ENTRY--PERSONAL NAME | |
| Personal name | Ormond, George. |
| Relator code | pro |
| 9 (RLIN) | 5898226 |
| 700 1# - ADDED ENTRY--PERSONAL NAME | |
| Personal name | Welch, Sandy. |
| Relator code | aus |
| 9 (RLIN) | 74456 |
| 700 1# - ADDED ENTRY--PERSONAL NAME | |
| Personal name | O'Hanlon, Jim. |
| Relator code | drt |
| 9 (RLIN) | 5898227 |
| 700 1# - ADDED ENTRY--PERSONAL NAME | |
| Personal name | Garai, Romola, |
| Dates associated with a name | 1982- |
| Relator code | act |
| 9 (RLIN) | 69647 |
| 700 1# - ADDED ENTRY--PERSONAL NAME | |
| Personal name | Miller, Jonny Lee. |
| Relator code | act |
| 9 (RLIN) | 63203 |
| 700 1# - ADDED ENTRY--PERSONAL NAME | |
| Personal name | Gambon, Michael. |
| Relator code | act |
| 9 (RLIN) | 76049 |
| 700 1# - ADDED ENTRY--PERSONAL NAME | |
| Personal name | Greig, Tamsin, |
| Dates associated with a name | 1967- |
| Relator code | act |
| 9 (RLIN) | 5752356 |
| 700 1# - ADDED ENTRY--PERSONAL NAME | |
| Personal name | Sim, Samuel. |
| Relator code | cmp |
| 9 (RLIN) | 5898228 |
| 700 1# - ADDED ENTRY--PERSONAL NAME | |
| Personal name | Austen, Jane, |
| Dates associated with a name | 1775-1817. |
| Title of a work | Emma. |
| 9 (RLIN) | 72346 |
| 710 2# - ADDED ENTRY--CORPORATE NAME | |
| Corporate name or jurisdiction name as entry element | British Broadcasting Corporation. |
| 9 (RLIN) | 8652 |
| 710 2# - ADDED ENTRY--CORPORATE NAME | |
| Corporate name or jurisdiction name as entry element | WGBH (Firm) |
| 9 (RLIN) | 5898229 |
| 710 2# - ADDED ENTRY--CORPORATE NAME | |
| Corporate name or jurisdiction name as entry element | BBC Worldwide Americas, Inc. |
| 9 (RLIN) | 62996 |
| 710 2# - ADDED ENTRY--CORPORATE NAME | |
| Corporate name or jurisdiction name as entry element | Warner Home Video (Firm) |
| 9 (RLIN) | 61103 |
| 710 2# - ADDED ENTRY--CORPORATE NAME | |
| Corporate name or jurisdiction name as entry element | 2 entertain (Firm) |
| 9 (RLIN) | 74066 |
| 730 0# - ADDED ENTRY--UNIFORM TITLE | |
| Uniform title | Masterpiece theatre (Television program) |
| 9 (RLIN) | 39627 |
| 856 7# - ELECTRONIC LOCATION AND ACCESS | |
| Materials specified | View cover art |
| Uniform Resource Identifier | <a href="http://midwesttapes.com/images/movies/war1000114948d.gif">http://midwesttapes.com/images/movies/war1000114948d.gif</a> |
| Access method | http |
| 942 ## - ADDED ENTRY ELEMENTS (KOHA) | |
| Koha item type | DVD |
| 948 ## - LOCAL PROCESSING INFORMATION (OCLC); SERIES PART DESIGNATOR (RLIN) | |
| Series part designator, SPT (RLIN) | 04/29/2015 |
| z (OCLC) | Sirsi |
| 994 ## - | |
| -- | 02 |
| -- | WACOL |
| 996 ## - | |
| -- | 117472 |
| -- | 34301001425604 |
| -- | DVD |
| -- | DVD |
| -- | wcl |
| -- | i |
| -- | 48 |
| -- | 15.95 |
| -- | .CIRCNOTE. 2 discs |
| -- | amazon |
| -- | Emm |
| -- | 04/29/2015 |
| -- | 03/11/2020 |
| -- | 02/27/2020 |
| Withdrawn status | Lost status | Source of classification or shelving scheme | Materials specified (bound volume or other part) | Damaged status | Not for loan | Collection code | Home library | Current library | Shelving location | Date acquired | Source of acquisition | Total Checkouts | Total Renewals | Full call number | Barcode | Checked out | Date last seen | Date checked out | Cost, replacement price | Price effective from | Koha item type |
|---|---|---|---|---|---|---|---|---|---|---|---|---|---|---|---|---|---|---|---|---|---|
| Dewey Decimal Classification | .CIRCNOTE. 2 discs | Movies | Wasatch County Library | Wasatch County Library | Audio Visual Area | 10/22/2021 | Amazon | 14 | 14 | DVD Emma | 34301001830183 | 03/23/2026 | 03/02/2026 | 03/02/2026 | 20.38 | 10/22/2021 | DVD |
